[Event "Tilburg Fontys"]
[Site "Tilburg"]
[Date "1997.09.28"]
[Round "2"]
[White "Kramnik, Vladimir"]
[Black "Shirov, Alexei"]
[Result "1-0"]
[WhiteElo "2770"]
[BlackElo "2700"]
[Annotator "Kramnik,V"]
[PlyCount "71"]
[EventDate "1997.09.27"]
[EventType "tourn"]
[EventRounds "11"]
[EventCountry "NED"]
[EventCategory "17"]
[SourceTitle "CBM 061"]
[Source "ChessBase"]
[SourceDate "1997.11.23"]
[SourceVersion "1"]
[SourceVersionDate "1997.11.23"]
[SourceQuality "1"]

1. Nf3 {Winants Ftacnik Huzman} Nf6 2. c4 g6 3. Nc3 Bg7 4. e4 d6 5. d4 O-O 6.
Be2 e5 7. O-O Nc6 8. d5 Ne7 9. b4 Nh5 10. Re1 f5 (10... Nf4 $6 {Ftacnik} 11.
Bf1) 11. Ng5 Nf4 (11... Nf6 {Huzman} 12. Bf3 (12. f3 $14 {Ftacnik}) 12... Kh8 (
12... c6 13. Be3 h6 (13... cxd5 14. cxd5 h6 15. Ne6 Bxe6 16. dxe6 fxe4 17. Nxe4
Nxe4 18. Bxe4 d5 19. Bc2 e4 20. Rc1 d4 21. Bd2 e3 22. fxe3 d3 23. Bb3 Qd6 24.
Qg4 Be5 25. Rf1 Bxh2+ 26. Kh1 Qg3 27. Qd4 {1-0 Kramnik,V-Polgar,J/Linares/1997/
(37)}) 14. Ne6 Bxe6 15. dxe6 g5 16. h3 f4 17. Bc1 Ng6 18. c5 dxc5 19. bxc5 Qe7
20. Rb1 Rfe8 21. Qb3 Rab8 22. Ba3 Nh4 23. Be2 f3 24. Bxf3 Nxf3+ 25. gxf3 Qxe6
26. Qxe6+ Rxe6 27. Rb3 {Kramnik,V-Piket,J/Amber-blind6th 1997/EXP 57/1/2-1/2 
(66)}) 13. Bb2 a5 14. b5 Rb8 15. Ne6 Bxe6 16. dxe6 Ne8 17. Qb3 c5 18. exf5 gxf5
19. Bh5 Nc7 20. Bf7 Qc8 21. Nd5 Ncxd5 22. cxd5 f4 23. Bh5 b6 24. Rad1 Rf5 25.
Bf3 Qg8 26. Be4 {Kramnik,V-Polgar,J/Vienna Millenium 1996/CBM 55/[Hazai]/1-0 
(44)}) 12. Bxf4 exf4 13. Rc1 Bf6 (13... fxe4 {Huzman} 14. Ncxe4 Nf5 (14... Re8
{Ftacnik}) (14... a5 {Ftacnik} 15. bxa5 h6 16. Ne6 Bxe6 17. dxe6 Rxa5 18. Qb3
b6 19. Nc3 f3 20. Bxf3 Rxf3 21. gxf3 Rg5+ 22. Kh1 Be5 23. Ne4 Rh5 24. Ng3 Rh4
25. Re4 {1-0 Kuemin,S-Pilaj,H/EU-chJM U16 Tallinn 1997 (39)}) 15. c5 (15. Bg4 {
Ftacnik}) 15... Nd4 (15... h6 {Ftacnik} 16. cxd6 $1 Nxd6 17. Nxd6 Qxd6 18. Ne4
Qb6 19. Bg4 $14) 16. cxd6 cxd6 17. Bg4 (17. Bc4 {Ftacnik} f3 $1 $13) 17... Bxg4
(17... f3 $13 {Ftacnik}) 18. Qxg4 Rf5 19. Ne6 Nxe6 20. dxe6 Qe7 21. h4 d5 22.
Ng5 Qxb4 23. e7 Re8 24. Rb1 Qc3 25. Re6 Bf6 26. Rxb7 Bxg5 27. Rxa7 Kf7 28. Raa6
Rxe7 {0-1 Dumitrache,D-Kupreichik,V/Erevan olm 1996/EXT 96ch2}) (13... c6 {
Huzman} 14. exf5 Nxf5 15. Nce4 h6 16. Ne6 Bxe6 17. dxe6 Qe7 18. Bg4 Nd4 19. Nd2
a5 20. b5 cxb5 21. cxb5 Nxb5 22. Nc4 Ra6 23. Qd3 Kh7 24. h4 Qxh4 25. e7 Qxg4
26. exf8=Q Bxf8 27. Rb1 f3 28. Ne3 {Malakhatko,V-Ho,A/WchJM U20 1997/EXP 59/
1-0 (39)}) (13... a5 {Huzman} 14. b5 Bf6 15. Ne6 Bxe6 16. dxe6 Bxc3 17. Rxc3
fxe4 18. Bg4 Nf5 19. Rxe4 Qf6 20. Rc1 Ne7 21. b6 h5 22. Bf3 cxb6 23. Qxd6 Nc6
24. Rce1 Rac8 25. h3 Kh7 26. Qd2 Rcd8 27. Qc1 Rd4 28. R4e2 Qe7 29. Qb1 Rd6 30.
Bxh5 Rf6 31. Bg4 Nd4 32. Rb2 f3 33. Rxb6 fxg2 34. Rxb7 {1-0 Tukmakov,V-Rupp,M/
Portoroz 1996/EXP 51}) (13... Kh8 {Huzman} 14. Bf3 (14. Ne6 $6 {Ftacnik} Bxe6
15. dxe6 Be5 (15... c6 16. Bf3 Be5 {- 15...Be5}) 16. Bf3 c6 17. Qb3 $6 (17. b5
$13) 17... fxe4 $1 18. Nxe4 {/\ Ng5} Nf5 19. Nc5 Nd4 (19... Qc7) 20. Qd3 Re8 $2
(20... Qc7 $1 $15 21. Nd7 Rfe8) 21. Nxb7 $16 {1-0 Sokolov,I-Wiersma,E/
Nederland (ch) 1995 (42)}) 14... Be5 (14... a5 15. b5 {/\ Ne6}) 15. c5 h6 (
15... dxc5 16. bxc5 Bxc3 17. Rxc3 Nxd5 18. exd5 Qxg5 19. d6 $16) (15... Rb8 16.
Nb5 fxe4 17. Bxe4 Nf5 18. Nf3 Bg7 19. cxd6 cxd6 20. Nc7 Qf6 21. Bxf5 Bxf5 22.
Ne6 Bxe6 23. dxe6 Qe7 24. h4 {1-0 Shariyazdanov,A-Varitski,I/Pardubice op/1996
(29)}) 16. Ne6 Bxe6 17. dxe6 fxe4 (17... dxc5 18. bxc5 Qxd1 19. Rexd1 $14) 18.
Nxe4 Nf5 (18... d5 19. Nc3 Bxc3 20. Rxc3 $16) 19. cxd6 cxd6 (19... Nxd6 20.
Nxd6 Qxd6 21. Qe2 $16) 20. Nc5 dxc5 21. Qxd8 Raxd8 22. Rxe5 Rfe8 23. bxc5 Re7
24. Kf1 Nd4 25. Rd1 Kg7 26. Bxb7 Kf6 27. Rd5 Rxd5 28. Bxd5 Nxe6 29. Bxe6 Rxe6
30. Rc1 Rc6 31. Ke2 Ke5 32. Kf3 Kf5 33. Rc4 g5 34. g3 fxg3 35. hxg3 h5 36. g4+
hxg4+ 37. Kg3 a5 38. a4 {1-0 Vera,R-Diaz,J/CUB-ch 1996/EXT 96ch2}) (13... Nc6 {
Ftacnik} 14. dxc6 Qxg5 15. exf5 bxc6 16. Bf3 $16) (13... Bh6 {Ftacnik} 14. Ne6
Bxe6 15. dxe6 f3 16. Bxf3 Bxc1 17. Qxc1 $44 {|^ Kupreichik,V}) (13... h6 {
Ftacnik} 14. Ne6 Bxe6 15. dxe6 fxe4 16. Nxe4 Nc6 17. b5 (17. Bf1 Qe7 18. b5 Nd4
19. Nc3 c6 20. bxc6 bxc6 21. Re4 Qf6 22. Ne2 Nxe2+ 23. Bxe2 Qe7 24. Bf3 {
Mikanovic,G-Ibrahim,A/Quebec op 1997/1-0 (53)}) 17... Nd4 18. Bf3 Re8 19. Nc3
c6 20. bxc6 bxc6 21. Qd3 Qf6 22. Re4 Rxe6 23. Rxd4 Qxd4 24. Qxd4 Bxd4 25. Bxc6
Rb8 26. Bd5 Bxc3 27. Bxe6+ Kg7 28. Kf1 Ba5 29. Rc2 Rb1+ {0-1 Gulko,B-Comp
Ferret/Internet m rapid 1996}) 14. Ne6 Bxe6 15. dxe6 Bxc3 16. Rxc3 fxe4 17. Bf1
(17. Bg4 {Huzman} Nc6 (17... d5 18. cxd5 Nxd5 19. e7 $1 Nxe7 20. Qxd8 Rfxd8 21.
Rxc7 Nd5 22. Rxb7 $16) 18. Rxe4 Ne5 19. c5 Qe7 {[%csl Ye5,Re6][%cal Yf8f6]}) (
17. Qd4 $14 {Ftacnik |^}) 17... e3 $1 (17... c6 $2 18. Rxe4 $36 {/\h2-h4-h5}) (
17... d5 {Winants} 18. cxd5 Nxd5 19. Bc4 $1 $16) 18. fxe3 fxe3 (18... c6 {
Huzman} 19. exf4 (19. Qd2 f3) 19... Rxf4 20. Qd2 Qb6+ 21. c5 $1 Qxb4 22. cxd6
Nd5 23. e7 $1 Nxc3 24. d7 Qc5+ 25. Re3 $18) (18... a5 {Ftacnik} 19. b5 c6 20.
bxc6 bxc6 21. Kh1 Qc7 22. Rd3 Rad8 23. exf4 Rxf4 24. Rd4 d5 25. cxd5 Rxd5 26.
Rxd5 cxd5 27. Qd2 {1/2-1/2 Browne,W-Fedorowicz,J/USA-ch Chandler G1 1997 (36)})
19. Rcxe3 c6 {/\20... a5 21.b5 c:b5 22.c:b5 Qb6<=>/^f} (19... Rf6) (19... a5 {
Ftacnik} 20. b5 c6 $14) 20. Qd2 $1 {/\Rh3,Qh6} d5 (20... a5 21. Rh3 Qc7 (21...
Qb6+ $2 22. c5 Qxb4 23. Qh6) 22. g4 $5 {/\Qd2-h6}) (20... Rf6 21. Rh3 Qf8 (
21... h5) 22. Qxd6 Rd8 23. Qc5 Rd2 24. Qxa7 $16) 21. cxd5 (21. Rh3 $6 dxc4 22.
Qh6 Qd4+ 23. Kh1 Qg7) 21... cxd5 {/\ ...Qd6, ...Rf4, ...Raf8} (21... Qd6 $5 {
Huzman} 22. Qd4 {[%cal Gd4c5]} Nf5 23. Qe5 Qxb4 (23... Qxd5 24. e7 Rfe8 25. Re4
$16) 24. Rb3 Qc5+ 25. Kh1 $14) (21... Qxd5 {Huzman} 22. Rd3 $16 {[%cal Gd3d7]})
22. Qd4 $3 {Ftacnik: Very important move in the attack, white queen controls
the whole board. Ftacnik: Ein sehr wichtiger Zug im Angriff, die Dame
kontroliert das ganze Brett.} (22. Rh3 $2 Qb6+ 23. Kh1 Qxe6 $1 24. Rhe3 Qf7)
22... Qd6 (22... Nf5 $2 23. Qe5 Qb6 (23... Qe7 $1 $16) (23... Qe7 {Huzman} 24.
Rd3 $16 (24. Rd3 {Ftacnik} d4 25. g4 Nh4 26. Bg2 $14)) (23... Nxe3 $2 24. e7
$18 (24. e7 {Winants} Rxf1+ 25. Rxf1 Qd7 26. Rf8+ $1 Rxf8 27. Qh8+ $3 $18)) 24.
e7 $1 Rfe8 25. Qxd5+ Kg7 26. Qe5+ $18) (22... Qb6 23. Qc5 $1 (23. Qxb6 {Huzman}
axb6 24. a3 Rac8 25. Bb5 $16) 23... Qxc5 24. bxc5) 23. Qc5 Qf4 $2 (23... Qxc5
24. bxc5 Rfc8 (24... b6 $5 25. cxb6 axb6 26. a3 $14) 25. Rb1 (25. Rb3 {Huzman}
b6 (25... Rab8 26. Reb1 Kg7 27. Rf3 (27. Rxb7 Rxb7 28. Rxb7 Kf6 29. Rxa7 Rxc5
$14 {/=}) 27... Nf5 (27... Rf8 28. Rxf8 Kxf8 29. Ba6 $16) 28. g4 Nd4 (28... Nh6
29. g5 Nf5 30. Rfb3 Rc7 {[%cal Yf5d4]} 31. Ba6 (31. Rb4 {[%cal Gf1g2,Gf1a6]}
Kf8 32. Bg2) (31. Bg2 Nd4 32. Re3 Rxc5 33. e7 Re8 34. Rxb7 Rc1+ 35. Kf2 Rc2+
36. Kf1 Nf5 37. Re6 Rc1+ 38. Kf2 Rc2+ $11) 31... Nd4 32. Rxb7 Rbxb7 33. Rxb7
Nxe6 34. Rxc7+ Nxc7 35. Bc8 Kf7 36. Kf2 $16 Ne6 $140 37. Bxe6+ Kxe6 38. Ke3 Ke5
39. Kd3 $22 $18) 29. Rf7+ Kg8 30. Rbxb7 Rxb7 31. Rxb7 Nxe6 32. Rxa7 $14) (25...
Rc7 {Winants} 26. Reb1 b6 (26... Rb8 27. Ba6) 27. cxb6 axb6 28. a3 $14 {
[%csl Rb6][%cal Yf1b5,Yb5d7] /\ Bb5-d7, a4 (>< Pb6)}) 26. cxb6 axb6 27. Rxb6
Rxa2 28. Rb7 Kf8 29. Re3 $14) 25... Rab8 $14 (25... Rab8 26. Ra3 Rxc5 27. Rxa7
Rc7)) 24. Rf3 (24. Qxe7 $4 {Winants} Qf2+ 25. Kh1 Qxf1+ 26. Rxf1 Rxf1#) 24...
Qg5 {[#]} (24... Qh4 {Huzman} 25. g3 $16) (24... Qd2 {Huzman} 25. Re2 Qg5 26.
Ref2 $16 {[%cal Gf3f7]}) 25. Rf7 $1 (25. Rxf8+ Rxf8 26. Qxa7 Qd2 $1 27. Qe3
Qxb4 $11) 25... Rxf7 (25... Nc6 {Ftacnik} 26. Rxb7 $18) 26. exf7+ Kxf7 27. Qc7
{/+- >< Kf7, קa7-b7} Qh4 (27... b6 {Huzman} 28. g3 $1 {[%cal Gf1g2,Gc7f7]
White has a big advantage, because black pieces are very passive. The pin of
Ne7 is very unpleasant and black can`t defence his weak pawns a7,b6,d5.} (28.
Qb7 {Ftacnik} Rf8 29. Qxa7 Qh4 30. Rd1 Qxb4 31. Rxd5 Qe1 $1) (28. Re5 Qh4 29.
Rxd5 Qxb4 30. Qb7 Rf8)) (27... b6 $142 {Winants}) 28. Re3 $1 {עg8} Qxb4 $2 (
28... Rf8 $142 29. g3 Qg5 (29... Qf6 30. Be2 $1 Kg8 31. Qxe7 Qf2+ 32. Kh1 Qe1+
33. Kg2 Qf2+ 34. Kh3 $18) 30. Re2 $1 $40 {/\31.h4+-}) (28... b6 {Ftacnik} 29.
Qe5 $1 $16 (29. Qd6 $18 {[%csl Ra8] Winants /\ 30.Rxe7, /\ 30.Qe6})) 29. a3 Qh4
30. Qxb7 Re8 (30... Rf8 31. Qxa7 Kg8 32. Rxe7 d4 33. Bc4+ Kh8 34. g3 $18) (
30... Rd8 {Ftacnik} 31. Qxa7 d4 32. Rh3 $1 Qe4 33. Rxh7+ $18) 31. Qxa7 d4 (
31... Rf8 {Huzman} 32. g3 (32. Rh3 Qe1) 32... Qf6 33. Be2 $16 {/+-}) (31... h6
{Ftacnik} 32. Bd3 $16) 32. Bc4+ (32. Rf3+ Kg7 33. Qd7 Rf8 34. g3 Qe4) 32... Kf8
(32... Kg7 {Ftacnik} 33. g3 Qf6 34. Re6 $18 (34. Re6 {Winants} Qg5 35. Qxd4+))
33. g3 $1 {קd4} (33. Rf3+ Kg7 34. Rf7+ Kh6) 33... Qg4 (33... Qf6 34. Re6 (34.
Re4 $1 {Ftacnik} Rd8 35. Rf4 Nf5 36. Qxh7 Qg7 37. Qxg7+ Kxg7 38. Bd3 $16) 34...
Qg7 (34... Qf3 {Huzman} 35. Qxd4 $18) 35. Qb6 $5) 34. Be2 Qc8 35. Qxd4 Qc1+ 36.
Kg2 (36. Kg2 Qc6+ 37. Bf3 (37. Kf2 $18 {Ftacnik}) 37... Qc2+ 38. Re2 $18) 1-0

[Event "Tilburg Fontys"]
[Site "Tilburg"]
[Date "1997.10.05"]
[Round "8"]
[White "Kramnik, Vladimir"]
[Black "Leko, Peter"]
[Result "1/2-1/2"]
[WhiteElo "2770"]
[BlackElo "2635"]
[Annotator "Stohl,I"]
[PlyCount "107"]
[EventDate "1997.09.27"]
[EventType "tourn"]
[EventRounds "11"]
[EventCountry "NED"]
[EventCategory "17"]
[SourceTitle "CBM 061"]
[Source "ChessBase"]
[SourceDate "1997.11.23"]
[SourceVersion "1"]
[SourceVersionDate "1997.11.23"]
[SourceQuality "1"]

1. Nf3 Nf6 2. c4 c5 3. Nc3 e6 4. g3 b6 5. Bg2 Bb7 6. O-O Be7 7. Re1 d6 8. e4 a6
9. d4 cxd4 10. Nxd4 Qc7 11. f4 $5 {A move, which fits in White's plan, but has
not been made in this position before. Other less usual alternatives are:} (11.
Nd5 $2 exd5 12. exd5 O-O 13. Nf5 Re8 14. Bg5 Bc8 15. Nxg7 Kxg7 16. Qd4 Nbd7 17.
b4 h6 18. Bf4 Nf8 19. Rac1 Ng6 20. Bd2 Bd7 21. Bc3 Bd8 22. Rxe8 Bxe8 23. f4 Bd7
24. h3 h5 25. Kh2 a5 26. b5 Be7 27. Bf3 Rh8 28. Re1 Bd8 29. Kg2 Qc8 30. Rh1 Bf5
{0-1,Bosboom,M-Wojtkiewicz,A/Wijk Sonnevanck/1993/}) (11. Qd3 O-O 12. b3 Nbd7
13. Bb2 Rad8 14. Rac1 Rfe8 15. h3 Bf8 16. Qe3 Qb8 17. Re2 g6 {Now the position
ressembles the 7.d4 cd4 8.Qd4 d6 9.e4 line, with the Qe3,Nd4 follow-up.} 18.
Rd1 Bg7 19. Qd2 Ba8 20. Nc2 Bf8 21. Nd4 Bg7 22. Bc1 Nc5 23. Qe1 Rc8 24. Bb2 Bb7
25. Qd2 Qa8 26. Rde1 Red8 27. Qe3 $13 {1/2,Miles,A-Olafsson,H/Thessaloniki olm/
1984/}) (11. Bg5 Nbd7 12. Rc1 O-O 13. Rc2 (13. Bh3 Rfe8 14. b4 h6 15. Bf4 Bf8
16. Nd5 Qd8 17. a3 exd5 18. cxd5 Rxe4 19. Nc6 Rxe1+ 20. Qxe1 Qe8 21. Qd2 Ne5
22. Bg2 Rc8 23. Qd4 Nxc6 {0-1,Sunye Neto,J-Hjartarson,J/Manila izt/1990/})
13... Rfe8 14. Qe2 Rad8 15. b3 Qb8 16. Bc1 Bf8 17. Bb2 Nc5 18. Qd1 Qa8 19. Rce2
Ng4 20. Rd2 Nf6 21. Rde2 Ng4 22. h3 Ne5 23. Rd2 Qb8 24. f4 Ng6 25. Nc2 Ba8 $132
{Lechtynsky,J-Stluka,P/Klatovy op/1996/}) (11. Qe2 O-O 12. Bd2 Nbd7 13. Rac1
Rfe8 14. h3 Rac8 15. b3 Qb8 16. Kh2 g6 17. Bh6 Qa8 18. Qb2 Ne5 19. Qd2 Qb8 20.
Bg5 Ned7 21. Bh6 Ba8 {1/2,Lechtynsky,J-Velickovic,S/Pamporovo/1981/}) ({
The most played move is} 11. Be3 Nc6 $5 $132 (11... Nbd7 12. f4 (12. Rc1 Rc8
13. f4 Qb8 14. Qe2 Nc5 15. Bf2 Qa8 16. g4 h6 17. h3 g6 18. Bg3 Kf8 19. Rcd1 Rc7
20. Kh2 Ncd7 21. e5 dxe5 22. fxe5 Nh7 23. Rf1 Kg7 24. Nd5 $1 $40 {Sakaev,
K-Ionescu,C/Pardubice op/1997/}) 12... Rc8 13. Bf2 $5 O-O 14. Rc1 Qb8 15. e5
Ne8 16. Qe2 Bxg2 17. Kxg2 Qb7+ 18. Nf3 dxe5 19. fxe5 Nc7 20. Red1 Rfd8 21. Qe4
Qb8 22. Nd4 Ne8 23. Nc6 Rxc6 24. Qxc6 Nxe5 25. Rxd8 Qxd8 26. Qe4 $14 {
Schlosser,P-Leko,P/Capablanca mem-A/1997/}) (11... O-O 12. Rc1 {/\} Nc6 $2 13.
Nd5 $1 $18)) 11... O-O (11... Qxc4 $5 12. e5 Bxg2 13. exf6 Bxf6 14. Nf5 Qc5+
15. Kxg2 Qxf5 16. Qxd6 $44) 12. Be3 Nc6 $5 {Tukmakov,V (2570)-King,D (2515)
Moscow GMA-qual f 1990 (7) 1/2 A relatively untested idea, probably stemming
from the problems Black has been lately having in this line with the customary
development Nbd7 (see games above).Leko was maybe also inspired by a short game
} 13. Rc1 Nxd4 14. Bxd4 Rac8 $146 (14... Nd7 15. b3 Rad8 16. Qe2 Bf6 17. Bxf6
Nxf6 18. h3 Qb8 19. Red1 Ba8 20. Rd4 b5 21. Rcd1 bxc4 22. bxc4 Qb4 23. Qd2 Rc8
24. Nd5 Nxd5 25. cxd5 Qa3 $132 {Arsovic,G-Cosma,I/Belgrade TRAKO/1995/}) 15. b3
Rfe8 16. a4 Nd7 $13 {A very typical Hedgehog pawn structure and position. In
the game Kramnik seizes space on both flanks and puts pressure on Black, but
Leko manages to retain sufficient flexibility and counterchances.} 17. Rc2 Bf8
(17... Bf6 $6 18. Rd2 Bxd4+ 19. Rxd4 $36 {[%csl Rd6] ><d6}) 18. Rd2 Nb8 $5 19.
Bf2 Bc6 (19... Nc6 20. Qe2 $14 {[%csl Rb6][%cal Re2e3] /\Qe3,><b6}) 20. g4 $5 {
()>>} Qb7 21. Bf1 (21. g5 b5 $132) 21... Nd7 22. g5 (22. b4 $6 Qb8 {[%csl Rb4,
Rc4,Rf4][%cal Yd6d5] ><c4,f4,b4,/\d5 seems to be overambitious.}) 22... Nc5 23.
Bg2 (23. Qb1 g6 $13 {[%cal Rf8g7] /\Bg7}) (23. Qc2 $5 {[%cal Rb3b4] /\b4+-})
23... b5 $132 24. axb5 (24. cxb5 $143 axb5 25. axb5 (25. a5 $2 b4 $17) 25...
Bxb5 26. b4 Nd7 $5 $15 {[%csl Rb4] ><b4}) 24... axb5 25. b4 Na6 (25... Nd7 $2
26. Bf1 $1 bxc4 27. b5 Bxb5 28. Rb2 $18) 26. cxb5 Bxb5 27. Nxb5 Qxb5 28. Bf1 $1
Qb7 29. b5 Nc5 30. Qf3 Red8 31. f5 d5 $1 $11 {Black got in both typical
breaks-b6-b5 and d6-d5, and achieved full equality. But the position still
remains quite sharp.} (31... exf5 32. Qxf5 {[%cal Rf1c4,Rc4d5] /\Bc4-d5|^}) 32.
exd5 (32. fxe6 Nxe4 $1 33. exf7+ Qxf7 34. Qxf7+ Kxf7 $11) 32... exd5 33. Bd4
Ne4 34. Rg2 Bc5 35. Qe3 Bxd4 (35... Qe7 $6 36. f6 $36) 36. Qxd4 Nd6 37. g6 Nxf5
$1 (37... hxg6 $143 38. fxg6 fxg6 39. Rxg6 Nf5 40. Qe5 $40) 38. gxh7+ Kh8 (
38... Kxh7 $2 39. Bd3 g6 40. Bxf5 $18) 39. Qf4 g6 (39... Nd6 $5 40. Bd3 Qb6+
$13) 40. Bd3 Qb6+ 41. Rf2 $1 (41. Kh1 Qd4 (41... Re8 $5 {[%csl Rh1] עh1}) 42.
Qxd4+ Nxd4 $15) 41... Qf6 (41... Ng7 42. Re7 $19 (42. Qxf7 $2 Rf8)) 42. Re5 (
42. Bxf5 gxf5 (42... Qxf5 $4 43. Qd4+ $18) 43. Qxf5 Qxf5 44. Rxf5 Rd7 $11)
42... Rc1+ 43. Kg2 Nh4+ 44. Kh3 Qxf4 45. Rxf4 Rc3 $1 46. Kxh4 $8 (46. Rd4 $2
Nf3 $19) (46. Re3 Nf5 47. Ref3 Nd6 $15) 46... Rxd3 47. Rxf7 {After a long
fight White has won a pawn. But now Black has an unusual tactical resource-he
practically forces stalemate and saves the game.} Rb3 48. Rb7 (48. Kg5 Rxb5 49.
Kxg6 Rb6+ $11) 48... d4 $1 49. Kg5 d3 50. Kxg6 Rxb5 $1 (50... d2 $2 51. Rd5 $18
(51. Rbe7 Rf3 52. Re8+ Rf8 53. Rxf8+ Rxf8 54. Rd5 Rb8 $1 $11)) 51. Rbxb5 ({
Similar is} 51. Rexb5 d2 52. Rd5 d1=Q 53. Rxd1 Rd6+ $1 $11) 51... d2 (51...
Rd6+ $2 52. Kf7 d2 53. Rb8+ Kxh7 54. Rh5+ Rh6 55. Rh8+ $18) 52. Rbd5 d1=Q $8 (
52... Rxd5 $4 53. Re8#) 53. Rxd1 Rd6+ $1 54. Rxd6 (54. Kg5 Rxd1 $11) 1/2-1/2

[Event "Tilburg Fontys"]
[Site "Tilburg"]
[Date "1997.10.08"]
[Round "10"]
[White "Kasparov, Garry"]
[Black "Kramnik, Vladimir"]
[Result "1/2-1/2"]
[WhiteElo "2820"]
[BlackElo "2770"]
[Annotator "Dokhojan,Y"]
[PlyCount "69"]
[EventDate "1997.09.27"]
[EventType "tourn"]
[EventRounds "11"]
[EventCountry "NED"]
[EventCategory "17"]
[SourceTitle "CBM 061"]
[Source "ChessBase"]
[SourceDate "1997.11.23"]
[SourceVersion "1"]
[SourceVersionDate "1997.11.23"]
[SourceQuality "1"]

1. d4 Nf6 2. c4 e6 3. Nc3 Bb4 4. Qc2 c5 5. dxc5 O-O 6. a3 Bxc5 7. Nf3 Nc6 8.
Bg5 Nd4 9. Nxd4 Bxd4 10. e3 Qa5 11. exd4 Qxg5 12. Qd2 Qxd2+ 13. Kxd2 b6 14. b4
d6 15. Bd3 Rd8 16. f3 h5 17. h4 Kf8 18. Rhe1 Bd7 19. Rab1 $6 (19. f4 $142 {
/\Reb1,a3-a4-a5}) 19... Rac8 20. Rec1 e5 21. Nb5 Bxb5 22. cxb5 exd4 23. Rc6 Nd5
24. Rbc1 Rxc6 25. bxc6 Nc7 26. Re1 $6 (26. g4 $142 $1 $16) 26... Re8 27. f4
Rxe1 28. Kxe1 Ke7 29. Be2 g6 30. f5 Kf6 31. fxg6 fxg6 32. Kd2 Kf5 33. g3 Ke4
34. a4 Na8 35. Bd3+ 1/2-1/2

[Event "Tilburg Fontys"]
[Site "Tilburg"]
[Date "1997.10.09"]
[Round "11"]
[White "Kramnik, Vladimir"]
[Black "Van Wely, Loek"]
[Result "1-0"]
[WhiteElo "2770"]
[BlackElo "2655"]
[Annotator "Kramnik,V"]
[PlyCount "65"]
[EventDate "1997.09.27"]
[EventType "tourn"]
[EventRounds "11"]
[EventCountry "NED"]
[EventCategory "17"]
[SourceTitle "CBM 061"]
[Source "ChessBase"]
[SourceDate "1997.11.23"]
[SourceVersion "1"]
[SourceVersionDate "1997.11.23"]
[SourceQuality "1"]

1. Nf3 Nf6 2. c4 b6 3. g3 Bb7 4. Bg2 e6 5. O-O Be7 6. d4 O-O 7. Re1 d5 8. cxd5
exd5 9. Nc3 Nbd7 10. Bf4 Ne4 (10... c5 11. dxc5 Nxc5 (11... bxc5 $6 12. Nh4 $1
Nb6 13. Nf5 $16 {1-0 Kramnik,V-Ribli,Z/Groningen PCA 1993/CBM 39/[Belov] (29)})
12. Rc1 a6 (12... Nfe4 $14) 13. a3 Re8 14. Nd4 Bd6 15. Bxd6 Qxd6 16. Qd2 Rad8
17. Red1 g6 18. Qf4 {1-0 Gelfand,B-Karpov,An/Wien 1996/ (68)}) 11. Qc2 (11. Rc1
$6) 11... c5 (11... Nxc3 $5 12. bxc3 c5 (12... Nf6 13. Rad1 Qc8 14. Ne5 (14.
Bg5 Re8 15. c4 c5 16. Bxf6 Bxf6 17. cxd5 Bxd5 18. e4 Bb7 19. e5 Bd8 20. d5 c4
21. d6 Qc5 22. Ng5 Bxg5 23. Bxb7 Rab8 24. Bd5 g6 25. Qxc4 Qxc4 26. Bxc4 b5 27.
Bd5 a5 28. f4 Bd8 29. g4 a4 30. f5 Ba5 31. e6 fxe6 32. fxe6 Bxe1 33. e7+ Kg7
34. Rxe1 {1-0 Kramnik,V-Nikolic,P/Monaco blind 1995/EXP 46}) 14... c5 15. e3
Ne4 16. dxc5 Nxc5 17. h4 Qe6 18. Nf3 Qe4 19. Qd2 Qa4 20. Nd4 Rfd8 21. Nf5 Bf8
22. Qe2 Qd7 23. Bh3 Qe8 24. h5 Bc8 25. g4 g6 26. hxg6 hxg6 27. Ng3 Be6 28. Bg2
Bg7 29. Bg5 f6 30. Bf4 Rac8 31. Nf1 Bf7 32. g5 f5 33. Rd4 Ne4 34. Bxe4 dxe4 35.
Kg2 Rxc3 36. Rxd8 Qxd8 37. Rd1 {Kramnik,V-Vyzmanavin,A/Paris PCA\Intel-GP 1994/
EXP 43/1-0 (95)}) 13. Rad1 Qc8 14. Bh3 Qe8 15. c4 cxd4 16. Nxd4 Nf6 17. Nf5 Bb4
18. Bd2 Bc5 19. Bg2 Ne4 20. Be3 Bxe3 21. fxe3 Bc8 22. Rxd5 Bxf5 23. Rxf5 Nd6
24. Rd5 Qxe3+ 25. Kh1 Nb7 26. Rh5 {1/2-1/2 Kramnik,V-Karpov,An/Monaco blind
1996/EXP 52}) 12. dxc5 $1 (12. Rad1 Rc8) (12. Nxe4 dxe4 13. Nd2 f5 14. dxc5
Nxc5 15. Rad1 Qc8 16. Nc4 Qe6 17. Nd6 Bd5 18. Nb5 Bxa2 19. Nc7 {1-0 Rahman,
Z-Smith,J/Moscow olm 1994/EXP 44 (40)}) 12... Bxc5 (12... Nxc3 13. c6 $1) (
12... Ndxc5 13. Rad1 Rc8 14. Nxe4 Nxe4 15. Qb3) 13. Nxe4 dxe4 14. Ng5 Nf6 (
14... Rc8 $5 {Kasparov} 15. Qb1 Nf6 16. b4 $1 Bxf2+ $5 (16... Bd4 17. Rd1) 17.
Kxf2 h6 $1 18. Rd1 $1 (18. Nh3 e3+ $1 19. Kg1 Bxg2 20. Kxg2 Qd5+ 21. Kg1 Qe6
22. Kg2 Qd5+ $11) 18... Qe8 19. Kg1 $1 (19. Nh3 e3+ 20. Kg1 Bxg2 21. Kxg2 Qc6+
22. Kg1 Qe6 23. Kg2 Qc6+ $11) 19... hxg5 20. Bd6 Qe6 21. Bxf8 Rxf8 22. Qb3 $14)
15. Nxe4 Bxe4 16. Bxe4 Qd4 $6 (16... Rc8 17. Qd3 Nxe4 18. Qxe4 Qd4 19. Qxd4
Bxd4 20. Rad1 $1 Bxb2 21. Rd7 $16) 17. Bf3 (17. Bxa8 $4 Qxf2+ 18. Kh1 Ng4 19.
Bg2 Qg1+ $1 20. Rxg1 Nf2#) 17... Qxf2+ 18. Kh1 Rac8 (18... Rad8 19. Rf1 Qd4 20.
Rad1 Qb4 21. a3 Qb5 22. b4 Be7 23. Qc7 $16) 19. Rf1 Qd4 20. Rad1 Qb4 21. a3 Qb5
22. Qf5 $1 {/\b2-b4} Qa4 $2 (22... Qxb2 $2 23. Be5 Qxa3 24. Bxf6 gxf6 25. Be4
$18) (22... Qb3 $1 23. Rd3 (23. e4 Qe6 $1 $14) 23... Qe6 24. Qxe6 fxe6 25. b4 (
25. Rfd1) 25... Be7 26. Re3 $16 Kf7 27. g4 $5 Nd5 $5) 23. e4 $1 (23. Be5 $6 Be7
24. Bxf6 $2 Bxf6 25. Be4 g6 $1) 23... Qc2 24. Rd2 Qc4 25. Rfd1 Qe6 (25... Be7
26. e5 g6 27. Qd3 Qxd3 28. Rxd3 Nh5 29. Bh6 Rfd8 30. Rd7 $18) (25... h5 26. e5
Ng4 27. Bd5 Qa6 28. e6 $36) 26. Qxe6 fxe6 27. e5 Ne8 $2 (27... Nd5 28. Bxd5
exd5 29. Rxd5 a5 $1) 28. Bg4 Nc7 29. b4 Be7 30. Rd7 Rf7 (30... Bd8 31. Rc1 $18)
31. Rc1 Bf8 (31... Bd8 32. Rcxc7 $1 $18) 32. Rxf7 Kxf7 33. Rc6 $1 (33. Bf3 Ke7
34. Bb7 Kd7 35. Bxc8+ Kxc8 36. Kg2) (33. Rc6 Ke7 34. Bxe6 Rb8 35. Bg5+) 1-0